Contemporary oral and maxillofacial surgery / (Record no. 18747)
[ view plain ]
| 000 -LEADER | |
|---|---|
| fixed length control field | 01190pam a2200349 a 4500 |
| 001 - CONTROL NUMBER | |
| control field | 014479717 |
| 003 - CONTROL NUMBER IDENTIFIER | |
| control field | OSt |
| 005 - DATE AND TIME OF LATEST TRANSACTION | |
| control field | 20201203140701.0 |
| 008 - FIXED-LENGTH DATA ELEMENTS--GENERAL INFORMATION | |
| fixed length control field | 071221t2008 xxua frb 001 0 eng d |
| 020 ## - INTERNATIONAL STANDARD BOOK NUMBER | |
| International Standard Book Number | 9780323049030 (cased) |
| 020 ## - INTERNATIONAL STANDARD BOOK NUMBER | |
| International Standard Book Number | 0323049036 (cased) |
| 040 ## - CATALOGING SOURCE | |
| Original cataloging agency | StDuBDS |
| Language of cataloging | eng |
| Transcribing agency | StDuBDS |
| Modifying agency | Uk |
| -- | EG-ScBUE |
| 082 04 - DEWEY DECIMAL CLASSIFICATION NUMBER | |
| Classification number | 617.605 |
| Item number | COM |
| Edition number | 22 |
| 245 00 - TITLE STATEMENT | |
| Title | Contemporary oral and maxillofacial surgery / |
| Statement of responsibility, etc | editors James R. Hupp, Edward Ellis III, Myron R. Tucker. |
| 250 ## - EDITION STATEMENT | |
| Edition statement | 5th ed. |
| 260 ## - PUBLICATION, DISTRIBUTION, ETC. (IMPRINT) | |
| Place of publication, distribution, etc | Missouri, United States : |
| Name of publisher, distributor, etc | Mosby Elsevier, |
| Date of publication, distribution, etc | c.2008. |
| 300 ## - PHYSICAL DESCRIPTION | |
| Extent | xiv, 714 p. : |
| Other physical details | ill. (col.) ; |
| Dimensions | 28 cm. |
| 500 ## - GENERAL NOTE | |
| General note | Previous ed. : 2003. |
| 500 ## - GENERAL NOTE | |
| General note | Index : p. 689-714. |
| 504 ## - BIBLIOGRAPHY, ETC. NOTE | |
| Bibliography, etc | Includes bibliographical references. |
| 650 #7 - SUBJECT ADDED ENTRY--TOPICAL TERM | |
| Topical term or geographic name as entry element | Mouth |
| General subdivision | Surgery |
| Source of heading or term | BUEsh |
| 9 (RLIN) | 36856 |
| 650 #7 - SUBJECT ADDED ENTRY--TOPICAL TERM | |
| Topical term or geographic name as entry element | Face |
| General subdivision | Surgery |
| Source of heading or term | BUEsh |
| 9 (RLIN) | 35960 |
| 650 #7 - SUBJECT ADDED ENTRY--TOPICAL TERM | |
| Topical term or geographic name as entry element | Maxilla |
| General subdivision | Surgery |
| Source of heading or term | BUEsh |
| 9 (RLIN) | 35959 |
| 650 #7 - SUBJECT ADDED ENTRY--TOPICAL TERM | |
| Topical term or geographic name as entry element | Dentistry, Operative. |
| Source of heading or term | BUEsh |
| 650 #7 - SUBJECT ADDED ENTRY--TOPICAL TERM | |
| Topical term or geographic name as entry element | Oral Surgical Procedures |
| General subdivision | methods. |
| Source of heading or term | BUEsh |
| 651 ## - SUBJECT ADDED ENTRY--GEOGRAPHIC NAME | |
| Source of heading or term | BUEsh |
| 653 ## - INDEX TERM--UNCONTROLLED | |
| Resource For college | Dentistry |
| Arrived date list | December2014 |
| 700 1# - ADDED ENTRY--PERSONAL NAME | |
| Personal name | Hupp, James R. |
| Relator term | editor. |
| 9 (RLIN) | 36857 |
| 700 1# - ADDED ENTRY--PERSONAL NAME | |
| Personal name | Tucker, Myron R. |
| 9 (RLIN) | 36858 |
| Relator term | editor. |
| 700 1# - ADDED ENTRY--PERSONAL NAME | |
| Personal name | Ellis, Edward, |
| Titles and other words associated with a name | DDS |
| 9 (RLIN) | 36859 |
| Relator term | editor. |
| 942 ## - ADDED ENTRY ELEMENTS (KOHA) | |
| Source of classification or shelving scheme | Dewey Decimal Classification |
| Withdrawn status | Item status | Source of classification or shelving scheme | Damaged status | Not for loan | Vendor | Home library | Current library | Shelving location | Date acquired | Source of acquisition | Cost, normal purchase price | Serial Enumeration / chronology | Total Checkouts | Total Renewals | Full call number | Barcode | Checked out | Date last seen | Date last borrowed | Cost, replacement price | Koha item type |
|---|---|---|---|---|---|---|---|---|---|---|---|---|---|---|---|---|---|---|---|---|---|
| Dewey Decimal Classification | Baccah | Central Library | Central Library | First floor | 10/12/2014 | Purchase | 645.00 | 20677 | 7 | 84 | 617.605 COM | 000037141 | 20/09/2025 | 23/07/2025 | 23/07/2025 | 756.00 | Book - Borrowing |